Articles of agreement made this 12th day of June 1829 between John Harris Langdon of Cold Harbour Andover in the county of Southampton, squire, for himself his heirs, executors and administrators of the one part and Robert Dowling of Clatford Hill in the same county, gentleman, for himself his heirs, executors and administrators... (Record no. 116472)

MARC details
000 -LEADER
fixed length control field 00898ctm a22001935a 4500
001 - CONTROL NUMBER
control field L140777
008 - FIXED-LENGTH DATA ELEMENTS--GENERAL INFORMATION
fixed length control field 071011s1829 xxk eng u
035 ## - SYSTEM CONTROL NUMBER
System control number (Sirsi) u140777
041 0# - LANGUAGE CODE
Language code of text/sound track or separate title eng
245 00 - TITLE STATEMENT
Title Articles of agreement made this 12th day of June 1829 between John Harris Langdon of Cold Harbour Andover in the county of Southampton, squire, for himself his heirs, executors and administrators of the one part and Robert Dowling of Clatford Hill in the same county, gentleman, for himself his heirs, executors and administrators...
Medium [manuscript]
260 ## - PUBLICATION, DISTRIBUTION, ETC.
Date of publication, distribution, etc. 1829
300 ## - PHYSICAL DESCRIPTION
Extent [4] p.
Dimensions 33 x 21 cm.
351 ## - ORGANIZATION AND ARRANGEMENT OF MATERIALS
Hierarchical level Single item
500 ## - GENERAL NOTE
General note Item related to the sale of the premises called the Cold Harbour in Andover by John Harris Langdon to Robert Dowling.
650 ## - SUBJECT ADDED ENTRY--TOPICAL TERM
Topical term or geographic name entry element ACQUISITION AND DISPOSAL BY PRIVATE TREATY
651 4# - SUBJECT ADDED ENTRY--GEOGRAPHIC NAME
Geographic name Hampshire
690 ## - LOCAL SUBJECT ADDED ENTRY--TOPICAL TERM (OCLC, RLIN)
Topical term or geographic name as entry element PROPERTY
942 ## - ADDED ENTRY ELEMENTS (KOHA)
Suppress in OPAC 0
Source of classification or shelving scheme Dewey Decimal Classification
Holdings
Withdrawn status Lost status Source of classification or shelving scheme Damaged status Not for loan Home library Current library Shelving location Date acquired Total Checkouts Full call number Barcode Date last seen Copy number Price effective from Koha item type Public note
    Dewey Decimal Classification     London London Basement 11/10/2007   BASEMENT BOX 2 140777-1001 16/10/2024 1 06/08/2019 Archive This item has been scanned, please email [email protected] for a copy, fees apply for non-members